| 000 | 01277cam a22003014a 4500 | ||
|---|---|---|---|
| 001 | 13920509 | ||
| 005 | 20060726124447.0 | ||
| 008 | 050405s2005 maua b 001 0 eng | ||
| 010 | _a 2005046321 | ||
| 020 | _a9780674027459 (cloth : alk. paper) | ||
| 020 | _a0674027450 (cloth : alk. paper) | ||
| 040 |
_aDLC _cDLC _dDLC |
||
| 042 | _apcc | ||
| 050 | 0 | 0 |
_aLB1590.3 _b.K84 2005 |
| 082 | 0 | 0 |
_a372.011 _222 _bKUH |
| 100 | 1 |
_aKuhn, Deanna. _94989 |
|
| 245 | 1 | 0 |
_aEducation for thinking / _cDeanna Kuhn. |
| 260 |
_aCambridge, Mass. : _bHarvard University Press, _cc2005. |
||
| 300 |
_a209 p. : _bill. ; _c24 cm. |
||
| 504 | _aIncludes bibliographical references and index. | ||
| 650 | 0 |
_aThought and thinking _xStudy and teaching. _94990 |
|
| 650 | 0 |
_aInquiry-based learning. _94991 |
|
| 650 | 0 |
_aCritical thinking in children. _94992 |
|
| 650 | 0 |
_aEducation _xAims and objectives. _94993 |
|
| 942 |
_2ddc _cBB |
||
| 999 |
_c11588 _d11588 |
||